Richest Indian People - Statistics

General Stats
  • This quiz has been taken 20 times
  • The average score is 4 of 10
Answer Stats
# Full Name Net Worth (USD) % Correct
1 Mukesh Ambani $84.5 Billion
100%
2 Gautam Adani $50.5 Billion
88%
10 Sunil Mittal $10.5 Billion
50%
3 Shiv Nadar $23.5 Billion
44%
7 Kumar Birla $12.8 Billion
31%
8 Cyrus Poonawalla $12.7 Billion
19%
4 Radhakishan Damani $16.5 Billion
13%
6 Pallonji Mistry $14.6 Billion
6%
5 Uday Kotak $15.9 Billion
6%
9 Dilip Shanghvi $10.9 Billion
0%
No matching quizzes found
Score Distribution
Percent of People with Each Score
Percentile by Number Answered
Your Score History
You have not taken this quiz